| 000 | 00603nam a2200205 a 4500 | ||
|---|---|---|---|
| 003 | MX-MxUPN | ||
| 005 | 20241129095352.0 | ||
| 008 | 991125s1987 mx r 000 0 spa d | ||
| 020 | _a9688047627 | ||
| 035 | _aUPN01000041746 | ||
| 040 |
_aMX-MxUPN _bspa _cMX-MxUPN |
||
| 041 | 0 | _aspa | |
| 050 | 4 |
_aLB1578 A3.39 _bS3.5 1987 |
|
| 100 | 1 |
_aSánchez Gómez, Pablo _929933 |
|
| 100 | 1 |
_aCarrillo Basilio, Balbino _947393 |
|
| 245 | 1 | 0 |
_aNu xoru jnatrjo = Mi libro mazahua : primer grado : _bEstado de México |
| 260 |
_aMéxico : _bSEP, _c1987 |
||
| 300 | _a95 páginas | ||
| 650 | 4 |
_aCartilla mazahua _98083 |
|
| 999 |
_c41746 _d41746 |
||